[Event "BEL-chT 1314"]
[Site "Belgium"]
[Date "2013.09.22"]
[Round "1.8"]
[White "De Combes, Fernand"]
[Black "Huesmann, Thomas"]
[Result "0-1"]
[WhiteElo "1847"]
[BlackElo "2233"]
[PlyCount "56"]
[EventDate "2013.09.22"]
[EventType "team-tourn"]
[EventRounds "11"]
[EventCountry "BEL"]
[SourceTitle "CBM 156 Extra"]
[Source "ChessBase"]
[SourceDate "2013.10.22"]
[SourceVersion "1"]
[SourceVersionDate "2013.10.22"]
[SourceQuality "1"]
[WhiteTeam "Deurne"]
[BlackTeam "KSK Rochade"]
[WhiteTeamCountry "BEL"]
[BlackTeamCountry "BEL"]

1. c4 f5 2. Nc3 e5 3. g3 d6 4. Bg2 Nf6 5. d3 Be7 6. e3 0-0 7. b3 c6 8. Nge2 d5 9. cxd5 cxd5 10. 0-0 Be6 11. f4 e4 12. Nd4 Bd7 13. Re1 Nc6 14. Nc2 Nb4 15. Nxb4 Bxb4 16. Bb2 Rc8 17. Qd2 Qa5 18. Rec1 d4 19. exd4 e3 20. Qe1 Bc6 21. a3 Bxc3 22. Bxc3 Qb6 23. Bb4 Rfe8 24. Rc5 Bxg2 25. Kxg2 Rxc5 26. dxc5 Qc6+ 27. Kg1 Ng4 28. Qe2 Nf2 0-1

[Event "Brasschaat op 03rd"]
[Site "Brasschaat"]
[Date "2003.08.25"]
[Round "3"]
[White "De Combes, Fernand"]
[Black "Docx, Stefan"]
[Result "0-1"]
[WhiteElo "2085"]
[BlackElo "2400"]
[PlyCount "38"]
[EventDate "2003.08.24"]
[EventType "swiss"]
[EventRounds "9"]
[EventCountry "BEL"]
[SourceTitle "EXT 2017"]
[Source "ChessBase"]
[SourceDate "2016.10.25"]
[SourceVersion "1"]
[SourceVersionDate "2016.10.25"]
[SourceQuality "1"]

1. c4 c6 2. d4 d5 3. e3 Bf5 4. Nc3 e6 5. Nf3 Nd7 6. a3 Ngf6 7. b4 Bd6 8. c5 Bc7 9. Bd3 Bxd3 10. Qxd3 e5 11. dxe5 Nxe5 12. Nxe5 Bxe5 13. Ra2 0-0 14. Nd1 a5 15. Bb2 Qe7 16. Bxe5 Qxe5 17. Qb3 axb4 18. axb4 Rxa2 19. Qxa2 Qe4 0-1

[Event "Brasschaat op 03rd"]
[Site "Brasschaat"]
[Date "2003.08.24"]
[Round "2"]
[White "Cools, Walter"]
[Black "De Combes, Fernand"]
[Result "0-1"]
[WhiteElo "1862"]
[BlackElo "2085"]
[PlyCount "94"]
[EventDate "2003.08.24"]
[EventType "swiss"]
[EventRounds "9"]
[EventCountry "BEL"]
[SourceTitle "EXT 2017"]
[Source "ChessBase"]
[SourceDate "2016.10.25"]
[SourceVersion "1"]
[SourceVersionDate "2016.10.25"]
[SourceQuality "1"]

1. b3 f5 2. Bb2 Nf6 3. e3 e6 4. Nf3 Be7 5. Be2 0-0 6. 0-0 b6 7. d3 Bb7 8. Nbd2 Qe8 9. Ne5 d6 10. Bf3 c6 11. Nec4 Na6 12. Re1 Nc7 13. a4 Rd8 14. Nf1 d5 15. Ne5 Bd6 16. Ng3 Qe7 17. Nh5 Nce8 18. Qc1 Qc7 19. d4 Bxe5 20. dxe5 Nd7 21. Nf4 Kf7 22. Nd3 c5 23. c4 dxc4 24. Bxb7 cxd3 25. Ba6 Nxe5 26. Qc3 Ng4 27. g3 d2 28. Red1 Qd6 29. Bb5 Nef6 30. f3 Nh6 31. Kf2 Ke7 32. Ke2 Nf7 33. a5 Ng5 34. axb6 Qxb6 35. Bc4 Qb7 36. Rf1 d1Q+ 37. Raxd1 Rxd1 38. Kxd1 Nxf3 39. Be2 Rd8+ 40. Kc1 Nd2 41. Qxc5+ Kf7 42. Qc3 Nxf1 43. Bxf1 Rc8 44. Bc4 Qh1+ 45. Kc2 Rd8 46. Qe5 Qd1+ 47. Kc3 Qd2# 0-1

[Event "Brasschaat op 03rd"]
[Site "Brasschaat"]
[Date "2003.08.??"]
[Round "4"]
[White "Sinke, Wim"]
[Black "De Combes, Fernand"]
[Result "0-1"]
[WhiteElo "1866"]
[BlackElo "2085"]
[PlyCount "78"]
[EventDate "2003.08.24"]
[EventType "swiss"]
[EventRounds "9"]
[EventCountry "BEL"]
[SourceTitle "EXT 2017"]
[Source "ChessBase"]
[SourceDate "2016.10.25"]
[SourceVersion "1"]
[SourceVersionDate "2016.10.25"]
[SourceQuality "1"]

1. d4 c5 2. Nf3 g6 3. g3 Bg7 4. Bg2 Nc6 5. c3 Qb6 6. d5 Ne5 7. Nbd2 Nxf3+ 8. Nxf3 d6 9. 0-0 Nf6 10. Re1 0-0 11. e4 Ng4 12. Qb3 Qc7 13. h3 Ne5 14. Nxe5 dxe5 15. c4 f5 16. Bd2 a5 17. exf5 gxf5 18. Bc3 Ra6 19. Qa3 Rg6 20. Bxa5 b6 21. Bd2 f4 22. g4 h5 23. Qd3 Qd6 24. Be4 Rg5 25. f3 Qf6 26. Re2 hxg4 27. hxg4 Bxg4 28. fxg4 Rxg4+ 29. Rg2 Qh4 30. Rxg4 Qxg4+ 31. Kf1 f3 32. Be3 Qg2+ 33. Ke1 Bh6 34. Bxh6 f2+ 35. Kd1 Qg1+ 36. Kc2 Qxa1 37. Bh7+ Kh8 38. Qh3 f1R 39. Kd3 Qd1+ 0-1